MODERN IRELAND: A VERY SHORT INTRODUCTION (Record no. 22799)
[ view plain ]
| 000 -LEADER | |
|---|---|
| fixed length control field | 00347nam a2200133Ia 4500 |
| 005 - DATE AND TIME OF LATEST TRANSACTION | |
| control field | 20250409181520.0 |
| 008 - FIXED-LENGTH DATA ELEMENTS--GENERAL INFORMATION | |
| fixed length control field | 250409s9999||||xx |||||||||||||| ||und|| |
| 020 ## - INTERNATIONAL STANDARD BOOK NUMBER | |
| International Standard Book Number | 978-0-19-280167-8 |
| 100 ## - MAIN ENTRY--PERSONAL NAME | |
| Personal name | PASETA SENIA |
| 245 #0 - TITLE STATEMENT | |
| Title | MODERN IRELAND: A VERY SHORT INTRODUCTION |
| 260 ## - PUBLICATION, DISTRIBUTION, ETC. | |
| Name of publisher, distributor, etc. | OXFORD UNIVERSITY PRESS |
| Place of publication, distribution, etc. | OXFORD |
| 300 ## - PHYSICAL DESCRIPTION | |
| Extent | 164 |
| 942 ## - ADDED ENTRY ELEMENTS (KOHA) | |
| Koha item type | BOOK |
| Withdrawn status | Lost status | Damaged status | Not for loan | Home library | Current library | Shelving location | Date acquired | Total checkouts | Full call number | Barcode | Date last seen | Price effective from | Koha item type |
|---|---|---|---|---|---|---|---|---|---|---|---|---|---|
| St.Dominics College Library | St.Dominics College Library | General Stack | 04/09/2025 | 941.5 PAS | 31748 | 04/09/2025 | 04/09/2025 | BOOK |